| 000 | 00401nam a2200181Ia 4500 | ||
|---|---|---|---|
| 005 | 20240823034248.0 | ||
| 008 | 240823s9999||||xx |||||||||||||| ||und|| | ||
| 041 | _aENGLISH | ||
| 082 | _A809 Q1 | ||
| 100 | _aWilliam C T | ||
| 245 | 0 | _aSabdham ayodhya vare ethumbol | |
| 250 | _a1st | ||
| 260 |
_c2011 _bSign |
||
| 500 | _aYES | ||
| 650 |
_aCriticism _bGeneral |
||
| 942 | _cBK | ||
| 999 |
_c197821 _d197821 |
||